Statistiques concernant Harry Potter Chapitres

Cliquez ici pour prendre le quiz!

Statistiques générales

  • Ce quiz a été pris 155 fois
  • Le résultat moyen est 4 sur 7

Statistiques - réponses

QuestionRéponse% Correct
Harry Potter et la Chambre des SecretsUn sacré anniversaire
62%
Harry Potter et l'Ordre du PhénixCelui dont on ne doit pas prononcer le nom
59%
Harry Potter et les Reliques de la MortJe m'ouvre au terme
59%
Harry Potter et le Prince de Sang-MêléLa maison des Jédusor
52%
Harry Potter à l'école des sorciersLe Choipeaux
50%
Harry Potter et le prisonnier d'AzkabanLe match de Quidditch
47%
Harry Potter et la Coupe de FeuLe labyrinthe
37%

Distribution des résultats

Percentile par nombre de réponses

% des personnes avec chaque résultat

Votre développement - résultats

Vous n’avez pas pris ce quiz